000 00676nam a2200241Ia 4500
003 OSt
005 20220924114224.0
006 a|||||r|||| 00| 0
007 ta
008 220923b |||||||| |||| 00| 0 hin d
024 _a64864
037 _cTextual
040 _aARTS
_cARTS
_bhin
041 _2hin
_ahin
082 _aQ4:23:G, 152M3 (Q4)
100 _aUpadhayaya Nagendra Nath
_9172489
245 0 _aBauddha kapalika sadana aur sahitya
260 _aAllahabad
_bSmriti Prakashan
_c1983
300 _a337P.
_ccm.
650 _aRELIGION
942 _hQ4:23:G, 152M3 (Q4)
_cTEXL
_2CC
999 _c392545
_d392545